000 00929nas a2200313 4500
001 BR0603443
003 BR-BrBNA
005 20231205110223.0
007 ta
008 230509b bl.|||p| |||| 00| 00por d
040 _aBR-BrBNA
_bpor
_cBiblioteca Nacional de Agricultura
041 _a(Pt)
072 _aF02
100 1 _aFaria, G.A.
100 1 _aCosta, M.A.P. de C.
100 1 _aJunghans, T.G.
100 1 _aLedo, C.A. da S.
100 1 _aSouza, A. da S.
245 1 _aEfeito da sacarose e sorbitol na conservação in vitro de Passiflora giberti N.E. Brown
650 _aMARACUJÁ
650 _aSACAROSE
650 _aCULTURA IN VITRO
650 _aPASSIFLORACEAE
650 _aCRESCIMENTO
650 _aCARBONO
773 0 _tRevista Brasileira de Fruticultura (Brazil)
_xISSN 0100-2945
_g(Aug 2006), v. 28(2) p. 267-270
_wBR0603443
909 _a202311
_bLúcia
_c55
_dLúcia Elande
942 _2AGRIS
_n0
_cANA
999 _c186558
_d186558